Politics in pakistan , the nature and direction of change (Record no. 575529)

000 -LEADER
fixed length control field 00503nam a22001817a 4500
003 - CONTROL NUMBER IDENTIFIER
control field CEME
005 - DATE AND TIME OF LATEST TRANSACTION
control field 20210628203920.0
008 - FIXED-LENGTH DATA ELEMENTS--GENERAL INFORMATION
fixed length control field 210305b xxu||||| |||| 00| 0 eng d
020 ## - INTERNATIONAL STANDARD BOOK NUMBER
International Standard Book Number 0-03-041811-9
040 ## - CATALOGING SOURCE
Transcribing agency .
082 ## - DEWEY DECIMAL CLASSIFICATION NUMBER
Classification number 954.91 SAY'P
100 ## - MAIN ENTRY--PERSONAL NAME
Personal name Sayeed, Khalid B
9 (RLIN) 16627
245 ## - TITLE STATEMENT
Title Politics in pakistan , the nature and direction of change
260 ## - PUBLICATION, DISTRIBUTION, ETC.
Place of publication, distribution, etc. NEWDELHI
Name of publisher, distributor, etc. CONCEPT PUBLISHING
Date of publication, distribution, etc. 1995
300 ## - PHYSICAL DESCRIPTION
Extent IX, 235P
650 ## - SUBJECT ADDED ENTRY--TOPICAL TERM
Topical term or geographic name entry element PAKISTAN POLITICS AND GOVERNMENT
9 (RLIN) 37702
942 ## - ADDED ENTRY ELEMENTS (KOHA)
Koha item type Book
Source of classification or shelving scheme
Holdings
Withdrawn status Lost status Damaged status Not for loan Permanent Location Current Location Shelving location Date acquired Total Checkouts Total Renewals Full call number Barcode Checked out Date last seen Date last checked out Price effective from Koha item type
        College of Electrical & Mechanical Engineering (CEME) College of Electrical & Mechanical Engineering (CEME) General Stacks 08/01/2017 1 1 954.91 SAY'P CEME-29080 01/31/2026 11/14/2025 11/14/2025 06/28/2021 Book
© 2023 Central Library, National University of Sciences and Technology. All Rights Reserved.